Sartre y Camus: literatura de la existencia

Guardado en:
Bibliografiske detaljer
Hovedforfatter: Pollmann, Leo
Format: Bog
Sprog:Undetermined
Udgivet: Madrid, España Gredos 1973
Fag:
Tags: Tilføj Tag
Ingen Tags, Vær først til at tagge denne postø!

MARC

LEADER 00000nam a2200000Ia 4500
008 170316s9999 xx 000 0 und d
090 |a 801 P-28s 
100 |a Pollmann, Leo 
245 |a Sartre y Camus: literatura de la existencia 
260 |a Madrid, España 
260 |b Gredos 
260 |c 1973 
300 |a 285 páginas 
650 |a TEORÍA LITERARIA 
999 |c 20562  |d 20562 
040 |a cru BVZT 
942 |c 15 D  |h 801 P-28s  |2 z